| 000 | 00967nam a2200217Ia 4500 | ||
|---|---|---|---|
| 001 | L703-2474 | ||
| 003 | IT-CnALBA | ||
| 008 | 170116s9999||||xx |||||||||||||| ||und|| | ||
| 040 |
_aIT-CnALBA _cIT-CnALBA |
||
| 041 | _aITALIANO | ||
| 100 | _aAA. VV. | ||
| 245 | 0 | _aMAESTRI (I) DEL COLORE. STORIA DELLA PITTURA. FASCICOLO 280. | |
| 250 | _a1a ed. | ||
| 260 |
_aMILANO _bFABBRI FRATELLI EDITORI _cn.d. |
||
| 500 | _aINDICE BIBLIOGRAFIA REPERTORIO. DIRETTORE RESPONSABILE FABBRI DINO. PITTURA DELL'ETA' GOTICA. PUBBLICAZIONE DELL'OPERA TRA GLI ANNI 1963 1969. FASCICOLO 280. | ||
| 501 | _aSocietà San Paolo EM - Piazza San Paolo, 14 - 12051 ALBA (CN) (non commercial uses only) ® Copyright 2017 | ||
| 520 | _aINDICE BIBLIOGRAFIA REPERTORIO. DIRETTORE RESPONSABILE FABBRI DINO. PITTURA DELL'ETA' GOTICA. PUBBLICAZIONE DELL'OPERA TRA GLI ANNI 1963 1969. FASCICOLO 280. | ||
| 650 | _aDIZIONARI ED ENCICLOPEDIE DELLE ARTI | ||
| 942 | _cBK | ||
| 957 | _71 | ||
| 999 |
_a3455 _bNO _g Copie: 1 _c261663 _d261663 |
||